00548 a2200169 450000100060000002000150000604000240002110000210004524000710006624500660013730000070020336200090021065000310021994200070025095201040025799900170036169359 a8572084517 cAnchieta - Itaigara aSypriano, Lilian10aDilermano Constantino Albuquerque raposo, o mostro misteriosolpor10aDilermano Constantino Albuquerque raposo, o mostro misterioso a320 a2006 4aLiteratura infanto-juvenil cBK 00104070a88.1b88.1d2023-11-21l0o028.5 SYP DILp1583/ITAr2023-11-21 20:03:53w2023-11-21yBK c69359d69359